[Event "DEM U14 2018"]
[Site "Willingen GER"]
[Date "2018.05.20"]
[Round "2"]
[White "Popist, Florian"]
[Black "Sperling, Niclas"]
[Result "1-0"]
[Termination "normal"]
[Board "18"]
[WhiteElo "1850"]
[BlackElo "1548"]
[PlyCount "99"]
[WhiteFideId "16203518"]
[BlackFideId "16204000"]
[EventCountry "GER"]
[EventRounds "9"]
[EventType "swiss"]
[EventDate "2018.05.19"]

1. e4 c5 2. Nf3 g6 3. d4 cxd4 4. Nxd4 Nf6 5. Nc3 d6 6. Be2 Bg7 7. Be3 Nc6 8.
O-O O-O 9. Kh1 Bd7 10. Nb3 Rc8 11. f4 a6 12. a4 Be6 13. Nd4 Bd7 14. Bf3 Na5 15.
Be2 Nc4 16. Bxc4 Rxc4 17. Qd3 Ng4 18. Bg1 Rb4 19. b3 e6 20. h3 Qf6 21. Nde2 Rc8
22. Na2 Rxe4 23. Qxe4 Bc6 24. Qd3 Qh4 25. Qg3 Qxg3 26. Nxg3 Bxa1 27. Rxa1 Nf6
28. Nb4 Be8 29. c4 a5 30. Nd3 d5 31. Ne5 Nd7 32. Nxd7 Bxd7 33. c5 Bc6 34. Bd4
Kf8 35. Re1 Rd8 36. Kg1 Ke7 37. f5 Rf8 38. f6+ Kd7 39. Nf1 Ra8 40. Nd2 Ke8 41.
Nf3 Kf8 42. Kf2 Kg8 43. Ne5 Be8 44. Ng4 Ra6 45. Nh6+ Kf8 46. Be5 Bd7 47. Bd6+
Ke8 48. Ng4 Bc6 49. Rxe6+ fxe6 50. Ne5 1-0

[Event "DEM U14 2018"]
[Site "Willingen GER"]
[Date "2018.05.20"]
[Round "2"]
[White "Block, Timo"]
[Black "Arakelian, Aik"]
[Result "0-1"]
[Termination "normal"]
[Board "19"]
[WhiteElo "1769"]
[BlackElo "1932"]
[PlyCount "48"]
[WhiteFideId "16201116"]
[BlackFideId "16220340"]
[EventCountry "GER"]
[EventRounds "9"]
[EventType "swiss"]
[EventDate "2018.05.19"]

1. e4 c5 2. c3 d5 3. exd5 Qxd5 4. d4 Nf6 5. Nf3 e6 6. Na3 a6 7. Bc4 Qd6 8. Ne5
Nc6 9. Bf4 cxd4 10. Ng6 e5 11. Nxh8 exf4 12. Bxf7+ Kd8 13. O-O Kc7 14. Nc4 Qc5
15. b4 Qg5 16. f3 Bh3 17. Rf2 dxc3 18. a3 Be7 19. Rc1 Rxh8 20. Rxc3 Rf8 21. Na5
Rxf7 22. Rfc2 Bd7 23. Nxc6 Bxc6 24. Qe2 Bd6 0-1

[Event "DEM U14 2018"]
[Site "Willingen GER"]
[Date "2018.05.20"]
[Round "2"]
[White "Hetzner, Hannes"]
[Black "Khachatryan, Taron"]
[Result "1-0"]
[Termination "normal"]
[Board "20"]
[WhiteElo "1868"]
[BlackElo "1745"]
[PlyCount "115"]
[WhiteFideId "16211936"]
[BlackFideId "16216598"]
[EventCountry "GER"]
[EventRounds "9"]
[EventType "swiss"]
[EventDate "2018.05.19"]

1. e4 e6 2. d4 d5 3. Nd2 Nf6 4. e5 Nfd7 5. Bd3 c5 6. c3 Nc6 7. Ne2 cxd4 8. cxd4
f6 9. exf6 Nxf6 10. Nf3 Bd6 11. O-O O-O 12. Bf4 Bxf4 13. Nxf4 Ne4 14. Qc1 Ng5
15. Nxg5 Qxg5 16. Bxh7+ Kxh7 17. Nxe6 Qxc1 18. Nxf8+ Kg8 19. Raxc1 Kxf8 20.
Rfe1 Kf7 21. Re3 Bf5 22. Rb3 Bc8 23. Rc5 Ke6 24. Rg3 Kf6 25. Rxd5 Be6 26. Rf3+
Ke7 27. Re3 a6 28. Rg5 Kf6 29. Reg3 Nxd4 30. Rg6+ Ke5 31. R3g5+ Kd6 32. Rxg7
Rc8 33. h4 Rh8 34. h5 Ne2+ 35. Kf1 Nf4 36. b3 Bd7 37. g4 Rc8 38. Ke1 Re8+ 39.
Kd1 Bc6 40. Rf7 Ne6 41. Rg6 Ke5 42. Rf5+ Kd6 43. f3 Ke7 44. Kd2 Rd8+ 45. Ke3
Nd4 46. Rf4 Ne6 47. Rff6 Nc5 48. g5 Rd5 49. Rg7+ Ke8 50. h6 Re5+ 51. Kf4 Nd3+
52. Kg3 Nc1 53. h7 Ne2+ 54. Kf2 Kd8 55. h8=Q+ Be8 56. Rg8 Nd4 57. Rd6+ Kc7 58.
Qxe5 1-0

[Event "DEM U14 2018"]
[Site "Willingen GER"]
[Date "2018.05.20"]
[Round "2"]
[White "Liebold, Aaron"]
[Black "Kanzow, Alexander"]
[Result "0-1"]
[Termination "normal"]
[Board "21"]
[WhiteElo "1874"]
[BlackElo "1631"]
[PlyCount "112"]
[WhiteFideId "12997846"]
[BlackFideId "16225414"]
[EventCountry "GER"]
[EventRounds "9"]
[EventType "swiss"]
[EventDate "2018.05.19"]

1. e4 c5 2. Nf3 Nc6 3. d4 cxd4 4. Nxd4 Nf6 5. Nc3 e5 6. Ndb5 d6 7. Bg5 a6 8.
Na3 b5 9. Nd5 Be7 10. Bxf6 Bxf6 11. c3 Bg5 12. Nc2 O-O 13. Be2 Ne7 14. h4 Nxd5
15. Qxd5 Be6 16. Qd3 Bxh4 17. Ne3 Bg5 18. Nd5 Bxd5 19. Qxd5 Qe7 20. O-O Rac8
21. a4 Rc5 22. Qd3 f5 23. Rfd1 d5 24. exd5 e4 25. d6 Qe6 26. Qd4 Re5 27. axb5
axb5 28. Ra7 Qf6 29. Bxb5 f4 30. Bc4+ Kh8 31. d7 e3 32. f3 Bh4 33. d8=Q Qxd8
34. Qxd8 Bxd8 35. Ra8 e2 36. Raxd8 exd1=Q+ 37. Rxd1 g5 38. Rd5 Rxd5 39. Bxd5
Rd8 40. Be4 Rb8 41. b4 Rc8 42. b5 Rxc3 43. b6 Rb3 44. b7 Kg7 45. Kf2 Kf6 46.
Ke2 Ke5 47. Kd2 Kd4 48. Kc2 Rb6 49. Kd2 h5 50. Ke2 Rb2+ 51. Kf1 Ke3 52. Kg1 g4
53. Kh2 h4 54. Kg1 g3 55. Kf1 Rd2 56. Ke1 Rxg2 0-1

[Event "DEM U14 2018"]
[Site "Willingen GER"]
[Date "2018.05.20"]
[Round "2"]
[White "Jeschke, Jan"]
[Black "Pahl, Theis"]
[Result "0-1"]
[Termination "normal"]
[Board "22"]
[WhiteElo "1356"]
[BlackElo "1987"]
[PlyCount "98"]
[WhiteFideId "16225430"]
[BlackFideId "16201264"]
[EventCountry "GER"]
[EventRounds "9"]
[EventType "swiss"]
[EventDate "2018.05.19"]

1. e4 c5 2. d4 cxd4 3. c3 d3 4. Bxd3 d6 5. Nf3 Nf6 6. Bg5 e6 7. Nbd2 Be7 8. Qe2
Nbd7 9. Nc4 Qc7 10. h4 a6 11. Rd1 b6 12. Bf4 Bb7 13. O-O O-O 14. Rfe1 e5 15.
Bg5 h6 16. Bc1 Nc5 17. Ncd2 Rac8 18. Nh2 Nxd3 19. Qxd3 Nd7 20. Ndf1 Nc5 21. Qg3
Nxe4 22. Rxe4 Bxe4 23. Bxh6 Bg6 24. h5 gxh6 25. hxg6 f5 26. Qh3 Kg7 27. Ne3 Qd7
28. g4 fxg4 29. Nhxg4 Bg5 30. Nd5 Rc4 31. f4 Rfxf4 32. Nxf4 Rxf4 33. Nf2 Qxh3
34. Nxh3 Rg4+ 35. Kf1 Be7 36. Nf2 Rf4 37. Ke2 Kxg6 38. Nd3 Rg4 39. Kf3 Kg5 40.
Nb4 Kf5 41. Nd5 Bg5 42. Nxb6 e4+ 43. Ke2 Rg2+ 44. Kf1 Rxb2 45. Rxd6 e3 46. Nc4
e2+ 47. Kf2 Bh4+ 48. Kf3 e1=N+ 49. Ke3 Bf2# 0-1

[Event "DEM U14 2018"]
[Site "Willingen GER"]
[Date "2018.05.20"]
[Round "2"]
[White "Haller, Luis"]
[Black "Silini, Jalel"]
[Result "1-0"]
[Termination "normal"]
[Board "23"]
[WhiteElo "1711"]
[BlackElo "1731"]
[PlyCount "85"]
[WhiteFideId "16209826"]
[BlackFideId "16215397"]
[EventCountry "GER"]
[EventRounds "9"]
[EventType "swiss"]
[EventDate "2018.05.19"]

1. e4 e5 2. Nf3 Nc6 3. Bb5 a6 4. Ba4 Nf6 5. O-O Bc5 6. Nxe5 Nxe5 7. d4 Nxe4 8.
Re1 Be7 9. Rxe4 Ng6 10. Bg5 f6 11. Bd2 O-O 12. Nc3 Kh8 13. Nd5 Bd6 14. c4 b5
15. cxb5 axb5 16. Bb3 Bb7 17. Qh5 f5 18. Bg5 Qxg5 19. Qxg5 fxe4 20. Re1 Rae8
21. Qg4 Bxd5 22. Bxd5 Rf4 23. Qxd7 Ref8 24. Bxe4 Rxf2 25. Bxg6 hxg6 26. Qxb5
R2f5 27. d5 Rf2 28. Re8 Rf1+ 29. Qxf1 Bc5+ 30. Kh1 Rxe8 31. g3 Rb8 32. Qe2 Rd8
33. Qc4 Be7 34. Qxc7 Bf6 35. d6 Re8 36. d7 Re1+ 37. Kg2 Rd1 38. a4 Kh7 39. a5
Rd2+ 40. Kf3 Rxb2 41. d8=Q Bxd8 42. Qxd8 Rxh2 43. Qh4+ 1-0

[Event "DEM U14 2018"]
[Site "Willingen GER"]
[Date "2018.05.21"]
[Round "3"]
[White "Bethke, Richard"]
[Black "Krastev, Alexander"]
[Result "0-1"]
[Termination "normal"]
[Board "1"]
[WhiteElo "2148"]
[BlackElo "2230"]
[WhiteClock "00:48:55"]
[BlackClock "00:10:55"]
[PlyCount "84"]
[WhiteFideId "12959243"]
[BlackFideId "12989983"]
[EventCountry "GER"]
[EventRounds "9"]
[EventType "swiss"]
[EventDate "2018.05.19"]

1. e4 {[%clk 1:30:57]} 1... e5 {[%clk 1:30:56]} 2. Nf3 {[%clk 1:31:24]} 2...
Nc6 {[%clk 1:31:21]} 3. Bc4 {[%clk 1:31:51]} 3... Nf6 {[%clk 1:31:42]} 4. d3 {
[%clk 1:32:17]} 4... Bc5 {[%clk 1:32:00]} 5. c3 {[%clk 1:32:25]} 5... d6 {
[%clk 1:32:19]} 6. O-O {[%clk 1:32:39]} 6... Bb6 {[%clk 1:15:16]} 7. a4 { [%clk
1:32:28]} 7... h6 {[%clk 1:13:43]} 8. Nbd2 {[%clk 1:30:48]} 8... O-O { [%clk
1:13:18]} 9. Bb3 {[%clk 1:29:54]} 9... Re8 {[%clk 0:58:18]} 10. Nc4 { [%clk
1:29:25]} 10... Be6 {[%clk 0:56:20]} 11. a5 {[%clk 1:24:39]} 11... Bxc4 { [%clk
0:56:12]} 12. axb6 {[%clk 1:24:53]} 12... Bxb3 {[%clk 0:56:37]} 13. bxc7 {[%clk
1:25:15]} 13... Bxd1 {[%clk 0:56:58]} 14. cxd8=Q {[%clk 1:25:31]} 14... Raxd8
{[%clk 0:57:17]} 15. Rxd1 {[%clk 1:25:49]} 15... d5 {[%clk 0:57:37]} 16. exd5
{[%clk 1:25:37]} 16... Nxd5 {[%clk 0:56:35]} 17. Be3 {[%clk 1:25:27]} 17...
Nxe3 {[%clk 0:53:18]} 18. fxe3 {[%clk 1:25:53]} 18... e4 {[%clk 0:52:59]} 19.
dxe4 {[%clk 1:26:07]} 19... Rxd1+ {[%clk 0:53:23]} 20. Rxd1 {[%clk 1:25:47] }
20... Rxe4 {[%clk 0:53:48]} 21. Kf2 {[%clk 1:20:13]} 21... g6 {[%clk 0:45:10] }
22. Rd7 {[%clk 1:19:58]} 22... Re7 {[%clk 0:45:31]} 23. Rxe7 {[%clk 1:18:39]}
23... Nxe7 {[%clk 0:45:56]} 24. Nd4 {[%clk 1:18:57]} 24... Kg7 {[%clk 0:44:21]}
25. c4 {[%clk 1:18:53]} 25... Kf6 {[%clk 0:43:03]} 26. e4 {[%clk 1:16:00]}
26... Ke5 {[%clk 0:29:48]} 27. Ke3 {[%clk 1:16:11]} 27... Nc6 {[%clk 0:16:23]}
28. Nxc6+ {[%clk 1:14:02]} 28... bxc6 {[%clk 0:16:49]} 29. b4 {[%clk 1:14:17]}
29... f6 {[%clk 0:13:55]} 30. g3 {[%clk 1:13:07]} 30... Kd6 {[%clk 0:12:18]}
31. Kd4 {[%clk 1:09:28]} 31... c5+ {[%clk 0:11:53]} 32. bxc5+ {[%clk 1:02:36]}
32... Kc6 {[%clk 0:12:11]} 33. e5 {[%clk 1:02:04]} 33... fxe5+ {[%clk 0:12:17]}
34. Kxe5 {[%clk 1:02:29]} 34... a5 {[%clk 0:08:23]} 35. Kd4 {[%clk 0:51:10]}
35... a4 {[%clk 0:08:07]} 36. g4 {[%clk 0:50:15]} 36... g5 {[%clk 0:08:28]} 37.
h3 {[%clk 0:49:27]} 37... a3 {[%clk 0:08:53]} 38. Kc3 {[%clk 0:48:56]} 38...
Kxc5 {[%clk 0:09:18]} 39. Kb3 {[%clk 0:49:18]} 39... a2 {[%clk 0:09:43]} 40.
Kxa2 {[%clk 0:48:30]} 40... Kxc4 {[%clk 0:10:07]} 41. Kb2 {[%clk 0:48:30]}
41... Kd3 {[%clk 0:10:32]} 42. Kc1 {[%clk 0:48:55]} 42... Ke2 {[%clk 0:10:55]}
0-1

[Event "DEM U14 2018"]
[Site "Willingen GER"]
[Date "2018.05.21"]
[Round "3"]
[White "Trifan, Andrei Ioan"]
[Black "Weihrauch, Jakob"]
[Result "1-0"]
[Termination "normal"]
[Board "2"]
[WhiteElo "2204"]
[BlackElo "2136"]
[WhiteClock "00:19:15"]
[BlackClock "00:17:20"]
[PlyCount "61"]
[WhiteFideId "12967068"]
[BlackFideId "16210115"]
[EventCountry "GER"]
[EventRounds "9"]
[EventType "swiss"]
[EventDate "2018.05.19"]

1. e4 {[%clk 1:30:07]} 1... e5 {[%clk 1:30:45]} 2. Nf3 {[%clk 1:29:55]} 2...
Nc6 {[%clk 1:31:06]} 3. Bb5 {[%clk 1:29:06]} 3... a6 {[%clk 1:31:09]} 4. Ba4 {
[%clk 1:29:13]} 4... Bc5 {[%clk 1:30:14]} 5. c3 {[%clk 1:27:52]} 5... b5 {
[%clk 1:30:29]} 6. Bc2 {[%clk 1:24:33]} 6... d6 {[%clk 1:30:07]} 7. d3 { [%clk
1:22:31]} 7... Nf6 {[%clk 1:29:17]} 8. Nbd2 {[%clk 1:19:19]} 8... Ne7 { [%clk
1:27:55]} 9. d4 {[%clk 1:13:16]} 9... exd4 10. cxd4 {[%clk 1:13:29]} 10... Bb6
{[%clk 1:26:33]} 11. b3 {[%clk 1:10:18]} 11... O-O {[%clk 1:24:26]} 12. O-O
{[%clk 1:07:46]} 12... Ng6 {[%clk 1:21:13]} 13. Bb2 {[%clk 1:02:30]} 13... Re8
{[%clk 1:18:54]} 14. Re1 {[%clk 1:00:42]} 14... Bb7 {[%clk 1:15:49]} 15. h3
{[%clk 0:58:56]} 15... h6 {[%clk 1:14:46]} 16. e5 {[%clk 0:53:48]} 16... dxe5
{[%clk 1:13:24]} 17. dxe5 {[%clk 0:50:32]} 17... Nd7 {[%clk 1:07:16]} 18. e6
{[%clk 0:48:09]} 18... Ndf8 {[%clk 1:04:30]} 19. exf7+ {[%clk 0:45:27]} 19...
Kxf7 {[%clk 1:04:52]} 20. b4 {[%clk 0:42:35]} 20... Kg8 {[%clk 1:01:38]} 21.
Bb3+ {[%clk 0:36:31]} 21... Kh8 {[%clk 0:59:33]} 22. Qc2 {[%clk 0:36:12]} 22...
Qd7 {[%clk 0:46:41]} 23. Ne4 {[%clk 0:34:23]} 23... Bxe4 {[%clk 0:42:23]} 24.
Rxe4 {[%clk 0:34:35]} 24... Rxe4 {[%clk 0:42:41]} 25. Qxe4 {[%clk 0:35:02]}
25... Re8 {[%clk 0:42:19]} 26. Qc2 {[%clk 0:33:44]} 26... Qd6 {[%clk 0:36:36]}
27. Bf7 {[%clk 0:23:19]} 27... Re7 {[%clk 0:36:31]} 28. Rd1 {[%clk 0:22:39]}
28... Qg3 {[%clk 0:27:25]} 29. Bd4 {[%clk 0:22:06]} 29... Qf4 {[%clk 0:19:38]}
30. Bxg6 {[%clk 0:21:22]} 30... Nxg6 {[%clk 0:17:20]} 31. Bxb6 {[%clk 0:19:15]}
1-0

[Event "DEM U14 2018"]
[Site "Willingen GER"]
[Date "2018.05.21"]
[Round "3"]
[White "Wu, Luka"]
[Black "Nguyen, Alex Dac-Vuong"]
[Result "1-0"]
[Termination "normal"]
[Board "3"]
[WhiteElo "1953"]
[BlackElo "2167"]
[WhiteClock "00:13:13"]
[BlackClock "00:14:46"]
[PlyCount "109"]
[WhiteFideId "12977420"]
[BlackFideId "12984388"]
[EventCountry "GER"]
[EventRounds "9"]
[EventType "swiss"]
[EventDate "2018.05.19"]

1. e4 {[%clk 1:30:58]} 1... e6 {[%clk 1:30:56]} 2. d4 {[%clk 1:31:24]} 2... d5
{[%clk 1:31:19]} 3. Nc3 {[%clk 1:31:50]} 3... Nf6 {[%clk 1:31:40]} 4. e5 {
[%clk 1:32:17]} 4... Nfd7 {[%clk 1:32:02]} 5. f4 {[%clk 1:32:42]} 5... c5 {
[%clk 1:32:26]} 6. Nf3 {[%clk 1:33:08]} 6... Nc6 {[%clk 1:32:47]} 7. Be3 {
[%clk 1:33:33]} 7... Be7 {[%clk 1:32:56]} 8. Qd2 {[%clk 1:33:53]} 8... O-O {
[%clk 1:33:16]} 9. dxc5 {[%clk 1:34:15]} 9... Bxc5 {[%clk 1:33:08]} 10. O-O-O {
[%clk 1:24:22]} 10... Qa5 {[%clk 1:31:14]} 11. Bxc5 {[%clk 1:22:49]} 11... Nxc5
{[%clk 1:28:44]} 12. Kb1 {[%clk 1:22:02]} 12... Rd8 {[%clk 1:24:57]} 13. Qf2 {
[%clk 1:13:07]} 13... Bd7 {[%clk 1:13:27]} 14. g4 {[%clk 1:10:23]} 14... Rac8 {
[%clk 1:10:33]} 15. Nd4 {[%clk 1:01:48]} 15... a6 {[%clk 0:52:49]} 16. a3 {
[%clk 0:42:37]} 16... b5 {[%clk 0:32:33]} 17. Na2 {[%clk 0:38:33]} 17... Ne4 {
[%clk 0:27:42]} 18. Qe3 {[%clk 0:37:06]} 18... Qb6 {[%clk 0:26:36]} 19. c3 {
[%clk 0:35:51]} 19... Na5 {[%clk 0:20:21]} 20. Bd3 {[%clk 0:30:47]} 20... Nc4 {
[%clk 0:19:51]} 21. Qh3 {[%clk 0:27:01]} 21... a5 {[%clk 0:13:05]} 22. Rhe1 {
[%clk 0:20:53]} 22... Bc6 {[%clk 0:11:26]} 23. Bc2 {[%clk 0:19:40]} 23... Ba8 {
[%clk 0:10:19]} 24. Re2 {[%clk 0:18:54]} 24... b4 {[%clk 0:09:28]} 25. cxb4 {
[%clk 0:18:35]} 25... Rb8 {[%clk 0:09:06]} 26. b5 {[%clk 0:18:01]} 26... Rdc8 {
[%clk 0:09:27]} 27. a4 {[%clk 0:17:41]} 27... Rc7 {[%clk 0:08:48]} 28. Qg2 {
[%clk 0:11:21]} 28... Rbc8 {[%clk 0:09:10]} 29. h4 {[%clk 0:11:01]} 29... Qc5 {
[%clk 0:09:14]} 30. Qh3 {[%clk 0:10:55]} 30... Qe7 {[%clk 0:09:19]} 31. g5 {
[%clk 0:10:59]} 31... Bb7 {[%clk 0:07:55]} 32. h5 {[%clk 0:11:15]} 32... Rc5 {
[%clk 0:04:58]} 33. Rg2 {[%clk 0:07:16]} 33... Nxb2 {[%clk 0:03:01]} 34. Kxb2 {
[%clk 0:06:29]} 34... Rc3 {[%clk 0:03:17]} 35. Nxc3 {[%clk 0:03:51]} 35... Qb4+
{[%clk 0:03:39]} 36. Nb3 {[%clk 0:02:06]} 36... Rxc3 {[%clk 0:02:36]} 37. Rd4 {
[%clk 0:00:44]} 37... Rxb3+ {[%clk 0:02:55]} 38. Qxb3 {[%clk 0:00:57]} 38...
Qxd4+ {[%clk 0:03:21]} 39. Ka2 {[%clk 0:00:37]} 39... Nc3+ {[%clk 0:02:42]} 40.
Ka3 {[%clk 0:01:03]} 40... Qc5+ {[%clk 0:01:56]} 41. Kb2 {[%clk 0:01:28]} 41...
d4 {[%clk 0:02:04]} 42. Rh2 {[%clk 0:26:46]} 42... Nd5 {[%clk 0:27:53]} 43. Be4
{[%clk 0:23:58]} 43... d3 {[%clk 0:17:07]} 44. Bxd5 {[%clk 0:17:02]} 44... Bxd5
{[%clk 0:16:54]} 45. Qc3 {[%clk 0:17:16]} 45... Bc4 {[%clk 0:17:18]} 46. Rd2 {
[%clk 0:15:04]} 46... Qd5 {[%clk 0:17:43]} 47. Qxa5 {[%clk 0:15:05]} 47... Qd4+
{[%clk 0:15:17]} 48. Qc3 {[%clk 0:15:17]} 48... Qe3 {[%clk 0:15:29]} 49. a5 {
[%clk 0:14:53]} 49... Qc5 {[%clk 0:15:13]} 50. Rxd3 {[%clk 0:13:17]} 50...
Qxb5+ {[%clk 0:15:40]} 51. Kc1 {[%clk 0:13:29]} 51... f5 {[%clk 0:15:42]} 52.
g6 {[%clk 0:13:43]} 52... hxg6 {[%clk 0:15:50]} 53. hxg6 {[%clk 0:14:09]} 53...
Kf8 {[%clk 0:16:17]} 54. Rd6 {[%clk 0:13:31]} 54... Qc5 {[%clk 0:14:46]} 55.
Rd4 {[%clk 0:13:13]} 1-0

[Event "DEM U14 2018"]
[Site "Willingen GER"]
[Date "2018.05.21"]
[Round "3"]
[White "Svane, Frederik"]
[Black "Sulayev, Daniel"]
[Result "1-0"]
[Termination "normal"]
[Board "4"]
[WhiteElo "2264"]
[BlackElo "2054"]
[WhiteClock "00:32:20"]
[BlackClock "00:30:53"]
[PlyCount "85"]
[WhiteFideId "12923044"]
[BlackFideId "12977675"]
[EventCountry "GER"]
[EventRounds "9"]
[EventType "swiss"]
[EventDate "2018.05.19"]

1. e4 {[%clk 1:30:57]} 1... c5 {[%clk 1:30:07]} 2. Nf3 {[%clk 1:31:21]} 2...
Nc6 {[%clk 1:30:31]} 3. Bb5 {[%clk 1:31:45]} 3... e6 {[%clk 1:30:56]} 4. O-O {
[%clk 1:31:51]} 4... Nge7 {[%clk 1:31:17]} 5. c3 {[%clk 1:32:12]} 5... a6 {
[%clk 1:31:41]} 6. Ba4 {[%clk 1:32:35]} 6... b5 {[%clk 1:31:58]} 7. Bc2 { [%clk
1:32:59]} 7... d5 {[%clk 1:31:51]} 8. e5 {[%clk 1:32:43]} 8... d4 { [%clk
1:32:12]} 9. Be4 {[%clk 1:32:42]} 9... Bb7 {[%clk 1:31:01]} 10. Qe2 { [%clk
1:33:05]} 10... Qc7 {[%clk 1:24:29]} 11. d3 {[%clk 1:29:43]} 11... Ng6 { [%clk
1:23:48]} 12. h4 {[%clk 1:14:02]} 12... Be7 {[%clk 1:07:39]} 13. h5 { [%clk
1:13:27]} 13... Nf8 {[%clk 1:06:41]} 14. Bf4 {[%clk 1:10:06]} 14... Nd7 { [%clk
1:03:55]} 15. Nbd2 {[%clk 0:56:09]} 15... dxc3 {[%clk 0:56:08]} 16. bxc3 {[%clk
0:55:23]} 16... Nb6 {[%clk 0:56:19]} 17. Nh2 {[%clk 0:26:44]} 17... h6 { [%clk
0:45:28]} 18. Ng4 {[%clk 0:16:26]} 18... Nd5 {[%clk 0:28:02]} 19. Bxd5 { [%clk
0:15:23]} 19... exd5 {[%clk 0:28:28]} 20. a4 {[%clk 0:11:30]} 20... b4 { [%clk
0:22:49]} 21. cxb4 {[%clk 0:11:22]} 21... Nd4 {[%clk 0:21:00]} 22. Qd1 { [%clk
0:08:22]} 22... cxb4 {[%clk 0:20:34]} 23. Nf3 {[%clk 0:08:24]} 23... Ne6 {[%clk
0:20:08]} 24. Be3 {[%clk 0:08:35]} 24... a5 {[%clk 0:17:38]} 25. Nd4 { [%clk
0:06:22]} 25... Nxd4 {[%clk 0:13:28]} 26. Bxd4 {[%clk 0:06:49]} 26... O-O
{[%clk 0:13:08]} 27. f4 {[%clk 0:04:02]} 27... Bc5 {[%clk 0:11:39]} 28. Bxc5 {
[%clk 0:04:29]} 28... Qxc5+ {[%clk 0:12:05]} 29. d4 {[%clk 0:04:54]} 29... Qe7
{[%clk 0:11:36]} 30. Ne3 {[%clk 0:04:28]} 30... Qd7 {[%clk 0:08:06]} 31. f5 {
[%clk 0:04:12]} 31... f6 {[%clk 0:07:32]} 32. Ng4 {[%clk 0:04:31]} 32... fxe5 {
[%clk 0:06:34]} 33. dxe5 33... d4 {[%clk 0:05:41]} 34. Qb3+ {[%clk 0:03:27]}
34... Kh8 {[%clk 0:05:10]} 35. e6 {[%clk 0:02:58]} 35... Qc6 {[%clk 0:05:13]}
36. Qg3 {[%clk 0:03:08]} 36... Qc3 {[%clk 0:03:03]} 37. Qf2 {[%clk 0:03:28]}
37... Rac8 {[%clk 0:02:02]} 38. Rae1 {[%clk 0:01:57]} 38... Ba6 {[%clk 0:00:38]
} 39. e7 {[%clk 0:02:02]} 39... Rfe8 {[%clk 0:00:38]} 40. f6 {[%clk 0:01:47]}
40... Bxf1 {[%clk 0:00:33]} 41. fxg7+ {[%clk 0:01:41]} 41... Kg8 { [%clk
0:30:25]} 42. Nxh6+ {[%clk 0:32:00]} 42... Kxg7 {[%clk 0:30:53]} 43. Qf7+
{[%clk 0:32:20]} 1-0

[Event "DEM U14 2018"]
[Site "Willingen GER"]
[Date "2018.05.21"]
[Round "3"]
[White "Kölle, Tobias"]
[Black "Pahl, Erik"]
[Result "0-1"]
[Termination "normal"]
[Board "5"]
[WhiteElo "2226"]
[BlackElo "2053"]
[WhiteClock "00:03:07"]
[BlackClock "00:08:03"]
[PlyCount "114"]
[WhiteFideId "16207378"]
[BlackFideId "16201272"]
[EventCountry "GER"]
[EventRounds "9"]
[EventType "swiss"]
[EventDate "2018.05.19"]

1. d4 {[%clk 1:30:59]} 1... Nf6 {[%clk 1:30:49]} 2. c4 {[%clk 1:31:20]} 2... g6
{[%clk 1:31:00]} 3. Nc3 {[%clk 1:31:36]} 3... Bg7 {[%clk 1:31:25]} 4. e4 {
[%clk 1:31:55]} 4... d6 {[%clk 1:31:45]} 5. f3 {[%clk 1:32:12]} 5... O-O {
[%clk 1:32:01]} 6. Be3 {[%clk 1:32:29]} 6... c5 {[%clk 1:31:56]} 7. Nge2 {
[%clk 1:32:16]} 7... Nc6 {[%clk 1:31:43]} 8. Rc1 {[%clk 1:21:12]} 8... Qa5 {
[%clk 1:22:04]} 9. d5 {[%clk 1:11:28]} 9... Ne5 {[%clk 1:22:12]} 10. Ng3 {
[%clk 1:11:26]} 10... a6 {[%clk 1:19:03]} 11. Qd2 {[%clk 1:07:40]} 11... Bd7 {
[%clk 1:16:55]} 12. Be2 {[%clk 1:00:58]} 12... b5 {[%clk 1:14:33]} 13. b3 {
[%clk 0:58:48]} 13... Rfb8 {[%clk 1:11:27]} 14. O-O {[%clk 0:54:46]} 14... bxc4
{[%clk 1:07:08]} 15. bxc4 {[%clk 0:53:04]} 15... Rb4 {[%clk 0:57:24]} 16. Nb1 {
[%clk 0:42:13]} 16... Qb6 {[%clk 0:40:56]} 17. h3 {[%clk 0:35:07]} 17... Rb2 {
[%clk 0:32:21]} 18. Qe1 {[%clk 0:34:39]} 18... Bc8 {[%clk 0:30:30]} 19. f4 {
[%clk 0:34:26]} 19... Ned7 {[%clk 0:30:49]} 20. Nc3 {[%clk 0:31:19]} 20... Qa5
{[%clk 0:29:56]} 21. Bd3 {[%clk 0:25:19]} 21... Ne8 {[%clk 0:28:15]} 22. Nge2 {
[%clk 0:23:27]} 22... Rab8 {[%clk 0:23:17]} 23. Bc2 {[%clk 0:21:58]} 23... R2b4
{[%clk 0:20:50]} 24. Bb3 {[%clk 0:22:05]} 24... Qc7 {[%clk 0:19:48]} 25. Qf2 {
[%clk 0:21:52]} 25... Nb6 {[%clk 0:17:26]} 26. Nb1 {[%clk 0:20:41]} 26... Nd7 {
[%clk 0:14:19]} 27. Bd2 {[%clk 0:20:14]} 27... R4b7 {[%clk 0:14:14]} 28. Bc3 {
[%clk 0:20:21]} 28... Bxc3 {[%clk 0:13:09]} 29. Nbxc3 {[%clk 0:20:41]} 29...
Rb4 {[%clk 0:13:12]} 30. Na4 {[%clk 0:19:18]} 30... a5 {[%clk 0:12:46]} 31. Rc2
{[%clk 0:15:33]} 31... Ba6 {[%clk 0:12:09]} 32. Nc1 {[%clk 0:15:24]} 32... Nb6
{[%clk 0:08:24]} 33. Nxb6 {[%clk 0:14:37]} 33... R4xb6 {[%clk 0:08:03]} 34. Nd3
{[%clk 0:14:40]} 34... Qd7 {[%clk 0:08:13]} 35. Rc3 {[%clk 0:11:17]} 35... Ng7
{[%clk 0:06:43]} 36. Qc2 {[%clk 0:08:20]} 36... e6 {[%clk 0:04:43]} 37. Ba4 {
[%clk 0:07:03]} 37... Qe7 {[%clk 0:05:06]} 38. Re1 {[%clk 0:04:51]} 38... Rd8 {
[%clk 0:03:54]} 39. Rb3 {[%clk 0:04:25]} 39... Qc7 {[%clk 0:02:29]} 40. Nf2 {
[%clk 0:02:48]} 40... Rb4 {[%clk 0:00:32]} 41. Rc3 {[%clk 0:01:24]} 41... Rdb8
{[%clk 0:25:56]} 42. Nd3 {[%clk 0:31:08]} 42... R4b6 {[%clk 0:26:05]} 43. Bc6 {
[%clk 0:29:03]} 43... Bb7 {[%clk 0:24:18]} 44. Bxb7 {[%clk 0:29:00]} 44...
R6xb7 {[%clk 0:24:28]} 45. Rb3 {[%clk 0:22:25]} 45... Rxb3 {[%clk 0:22:02]} 46.
axb3 {[%clk 0:22:55]} 46... Qb6 {[%clk 0:22:09]} 47. Nf2 {[%clk 0:18:04]} 47...
h5 {[%clk 0:18:00]} 48. Re3 {[%clk 0:17:05]} 48... exd5 {[%clk 0:17:27]} 49.
exd5 {[%clk 0:13:45]} 49... Nf5 {[%clk 0:17:42]} 50. Rd3 {[%clk 0:13:34]} 50...
Nd4 {[%clk 0:15:34]} 51. Qd1 {[%clk 0:13:41]} 51... Re8 {[%clk 0:12:42]} 52.
Kh2 {[%clk 0:12:37]} 52... Qb4 {[%clk 0:12:51]} 53. Qa1 {[%clk 0:07:47]} 53...
Re2 {[%clk 0:08:59]} 54. Rxd4 {[%clk 0:04:42]} 54... cxd4 {[%clk 0:09:15]} 55.
Qxd4 {[%clk 0:05:09]} 55... Qe1 {[%clk 0:08:04]} 56. Nh1 {[%clk 0:02:44]} 56...
Qf1 {[%clk 0:07:47]} 57. Qg1 {[%clk 0:03:07]} 57... Qxf4+ {[%clk 0:08:03]} 0-1